[Event "PK Jeugd 2020 C-Meisjes"]
[Site "Eindhoven, Netherlands"]
[Date "2020.02.08"]
[Round "4.5"]
[White "Nooren, Bibi"]
[Black "Yildirum, Azra"]
[Result "1-0"]
[WhiteElo "638"]
[BlackElo "415"]
[PlyCount "75"]
[EventDate "2020.??.??"]

1. e4 e5 {[%emt 0:00:20]} 2. Nf3 {[%emt 0:00:06]} Nc6 {[%emt 0:00:25]} 3. Bc4 {
[%emt 0:00:11]} Bc5 {[%emt 0:00:29]} 4. O-O {[%emt 0:00:14]} d6 {[%emt 0:00:12]
} 5. d3 {[%emt 0:00:27]} Nf6 {[%emt 0:00:16]} 6. h3 {[%emt 0:00:28]} O-O {
[%emt 0:00:11]} 7. Nc3 {[%emt 0:00:25]} h6 {[%emt 0:00:47]} 8. Re1 {[%emt 0:00:
28]} Nd4 {[%emt 0:02:25]} 9. Nxd4 {[%emt 0:00:54]} Bxd4 {[%emt 0:00:32]} 10.
Nd5 {[%emt 0:00:42]} Nxd5 {[%emt 0:00:47]} 11. Bxd5 {[%emt 0:00:07]} Qf6 {
[%emt 0:03:14]} 12. Be3 {[%emt 0:00:42]} Qg6 {[%emt 0:01:15]} 13. Qf3 {[%emt 0:
00:58]} Bxb2 {[%emt 0:02:41]} 14. Rab1 {[%emt 0:00:37]} Bc3 {[%emt 0:01:26]}
15. Re2 {[%emt 0:01:16]} c6 {[%emt 0:00:32]} 16. Bc4 {[%emt 0:01:05]} d5 {
[%emt 0:00:54]} 17. exd5 {[%emt 0:00:33]} cxd5 {[%emt 0:00:45]} 18. Bxd5 {
[%emt 0:00:25]} Be6 {[%emt 0:00:58]} 19. Bxe6 {[%emt 0:00:41]} fxe6 {[%emt 0:
00:10]} 20. Qxb7 {[%emt 0:00:30]} Rab8 {[%emt 0:00:40]} 21. Qxb8 {[%emt 0:02:
26]} Rxb8 {[%emt 0:02:26]} 22. Rxb8+ {[%emt 0:00:05]} Kh7 {[%emt 0:00:05]} 23.
Bxa7 {[%emt 0:00:27]} Bd4 {[%emt 0:00:54]} 24. Bxd4 {[%emt 0:00:20]} exd4 {
[%emt 0:00:10]} 25. Rd8 {[%emt 0:00:21]} Qf6 {[%emt 0:00:22]} 26. Rb8 {[%emt 0:
00:53]} Qf4 {[%emt 0:01:28]} 27. Rb1 {[%emt 0:04:54]} e5 {[%emt 0:00:39]} 28.
Ra1 {[%emt 0:00:44]} Qf6 {[%emt 0:00:47]} 29. a4 {[%emt 0:00:17]} Qf5 {[%emt 0:
01:14]} 30. a5 {[%emt 0:00:24]} e4 {[%emt 0:00:17]} 31. Rxe4 {[%emt 0:00:14]}
Qd5 {[%emt 0:00:20]} 32. a6 {[%emt 0:00:17]} Qc5 {[%emt 0:01:28]} 33. a7 {
[%emt 0:00:58]} Qxa7 {[%emt 0:00:20]} 34. Rxa7 {[%emt 0:00:07]} Kg6 {[%emt 0:
00:18]} 35. Rg4+ {[%emt 0:00:25]} Kh5 {[%emt 0:00:08]} 36. Rgxg7 {[%emt 0:00:
47]} Kh4 {[%emt 0:00:46]} 37. Rg4+ {[%emt 0:00:20]} Kh5 {[%emt 0:00:31]} 38.
Ra5# {[%emt 0:00:02]} 1-0

[Event "PK Jeugd 2020 C-Meisjes"]
[Site "Eindhoven, Netherlands"]
[Date "2020.02.09"]
[Round "5.1"]
[White "Gergin, Isafara"]
[Black "Mensing, Luana"]
[Result "0-1"]
[WhiteElo "1179"]
[BlackElo "1600"]
[PlyCount "44"]
[EventDate "2020.??.??"]

1. e4 {[%emt 0:00:01]} c5 {[%emt 0:00:08]} 2. Nf3 {[%emt 0:00:04]} d6 {[%emt 0:
00:07]} 3. d4 {[%emt 0:00:06]} cxd4 {[%emt 0:00:06]} 4. Nxd4 {[%emt 0:00:05]}
Nf6 {[%emt 0:00:06]} 5. Nc3 {[%emt 0:00:07]} a6 {[%emt 0:00:08]} 6. Bd3 {
[%emt 0:00:35]} e5 {[%emt 0:00:46]} 7. Nb3 {[%emt 0:00:11]} Be6 {[%emt 0:02:21]
} 8. Bg5 {[%emt 0:00:29]} Be7 {[%emt 0:00:26]} 9. Qd2 {[%emt 0:00:50]} Nbd7 {
[%emt 0:00:36]} 10. O-O-O {[%emt 0:02:12]} h6 {[%emt 0:00:40]} 11. Bh4 {
[%emt 0:00:24]} Bxb3 {[%emt 0:04:29]} 12. axb3 {[%emt 0:00:19]} b5 {[%emt 0:03:
37]} 13. f4 {[%emt 0:03:12]} exf4 {[%emt 0:01:48]} 14. Qxf4 {[%emt 0:01:05]} g5
{[%emt 0:00:10]} 15. Bxg5 {[%emt 0:00:22]} hxg5 {[%emt 0:00:09]} 16. Qxg5 {
[%emt 0:00:16]} Rg8 {[%emt 0:01:17]} 17. Qd2 {[%emt 0:00:45]} b4 {[%emt 0:02:
32]} 18. Nd5 {[%emt 0:01:11]} Nxd5 {[%emt 0:00:09]} 19. exd5 {[%emt 0:00:06]}
Bg5 {[%emt 0:00:04]} 20. Qxg5 {[%emt 0:00:20]} Qxg5+ {[%emt 0:00:06]} 21. Kb1 {
[%emt 0:00:20]} Qxg2 {[%emt 0:01:10]} 22. Rhe1+ {[%emt 0:00:25]} Ne5 {[%emt 0:
00:23]} 0-1

[Event "PK Jeugd 2020 C-Meisjes"]
[Site "Eindhoven, Netherlands"]
[Date "2020.02.09"]
[Round "5.2"]
[White "Damen, Josephine"]
[Black "Huang, Luna"]
[Result "1/2-1/2"]
[WhiteElo "916"]
[BlackElo "1366"]
[PlyCount "32"]
[EventDate "2020.??.??"]

1. e4 {[%emt 0:00:03]} e5 {[%emt 0:00:12]} 2. Nf3 {[%emt 0:00:05]} Nc6 {
[%emt 0:00:16]} 3. Bc4 {[%emt 0:00:08]} Bc5 {[%emt 0:00:08]} 4. d3 {[%emt 0:00:
06]} Nf6 {[%emt 0:00:20]} 5. Bg5 {[%emt 0:00:10]} d6 {[%emt 0:00:32]} 6. Nc3 {
[%emt 0:00:11]} h6 {[%emt 0:00:23]} 7. Bh4 {[%emt 0:00:08]} g5 {[%emt 0:01:22]}
8. Bg3 {[%emt 0:00:15]} Bg4 {[%emt 0:00:18]} 9. h4 {[%emt 0:07:32]} gxh4 {
[%emt 0:13:18]} 10. Bxh4 {[%emt 0:03:32]} Bb4 {[%emt 0:00:18]} 11. a3 {[%emt 0:
04:38]} Bxc3+ {[%emt 0:00:23]} 12. bxc3 {[%emt 0:00:07]} Qe7 {[%emt 0:03:13]}
13. Bb5 {[%emt 0:14:17]} Qe6 {[%emt 0:05:58]} 14. Bc4 {[%emt 0:09:23]} Qe7 {
[%emt 0:00:08]} 15. Qb1 {[%emt 0:08:11]} Rb8 {[%emt 0:05:08]} 16. Kd2 {[%emt 0:
03:43]} a6 {[%emt 0:04:40]} 1/2-1/2

[Event "PK Jeugd 2020 C-Meisjes"]
[Site "Eindhoven, Netherlands"]
[Date "2020.02.09"]
[Round "5.3"]
[White "Feng, Elysia"]
[Black "Yeh, Nora"]
[Result "1-0"]
[WhiteElo "1559"]
[BlackElo "1479"]
[PlyCount "101"]
[EventDate "2020.??.??"]

1. e4 {[%emt 0:00:01]} e5 {[%emt 0:00:03]} 2. Nf3 {[%emt 0:00:04]} Nc6 {
[%emt 0:00:04]} 3. Bb5 {[%emt 0:00:03]} a6 {[%emt 0:00:04]} 4. Bxc6 {[%emt 0:
00:03]} dxc6 {[%emt 0:00:06]} 5. O-O {[%emt 0:00:06]} Nf6 {[%emt 0:00:57]} 6.
Nxe5 {[%emt 0:01:00]} Bd6 {[%emt 0:01:41]} 7. Nc4 {[%emt 0:04:42]} Be7 {
[%emt 0:01:45]} 8. Nc3 {[%emt 0:01:08]} O-O {[%emt 0:01:17]} 9. d3 {[%emt 0:01:
29]} Re8 {[%emt 0:01:47]} 10. Bf4 {[%emt 0:02:29]} h6 {[%emt 0:07:19]} 11. a3 {
[%emt 0:01:50]} Nh7 {[%emt 0:04:48]} 12. Qf3 {[%emt 0:03:24]} Bg5 {[%emt 0:07:
33]} 13. Bg3 {[%emt 0:03:55]} Bh4 {[%emt 0:04:29]} 14. Ne5 {[%emt 0:03:53]} Ng5
{[%emt 0:02:14]} 15. Qf4 {[%emt 0:02:23]} Bxg3 {[%emt 0:01:11]} 16. Qxg3 {
[%emt 0:00:57]} Qd6 {[%emt 0:02:24]} 17. Nc4 {[%emt 0:01:06]} Qxg3 {[%emt 0:00:
30]} 18. fxg3 {[%emt 0:00:24]} Be6 {[%emt 0:00:50]} 19. Ne5 {[%emt 0:01:37]}
Rad8 {[%emt 0:01:50]} 20. Nf3 {[%emt 0:00:17]} Nh7 {[%emt 0:01:18]} 21. Ne2 {
[%emt 0:01:02]} c5 {[%emt 0:01:15]} 22. Nf4 {[%emt 0:00:30]} Nf6 {[%emt 0:01:
28]} 23. Nxe6 {[%emt 0:00:42]} Rxe6 {[%emt 0:00:25]} 24. Rad1 {[%emt 0:01:00]}
b6 {[%emt 0:01:34]} 25. Rfe1 {[%emt 0:01:03]} b5 {[%emt 0:04:07]} 26. h3 {
[%emt 0:00:44]} g5 {[%emt 0:01:18]} 27. e5 {[%emt 0:00:37]} Nh5 {[%emt 0:01:36]
} 28. Kf2 {[%emt 0:00:27]} Ng7 {[%emt 0:00:44]} 29. d4 {[%emt 0:00:17]} cxd4 {
[%emt 0:01:27]} 30. Rxd4 {[%emt 0:00:16]} Rxd4 {[%emt 0:00:21]} 31. Nxd4 {
[%emt 0:00:06]} Re8 {[%emt 0:00:07]} 32. Kf3 {[%emt 0:00:46]} Kh7 {[%emt 0:00:
42]} 33. h4 {[%emt 0:00:12]} Kg6 {[%emt 0:00:45]} 34. b4 {[%emt 0:00:57]} gxh4
{[%emt 0:00:35]} 35. gxh4 {[%emt 0:00:05]} Nf5 {[%emt 0:00:19]} 36. Nxf5 {
[%emt 0:00:11]} Kxf5 {[%emt 0:00:02]} 37. g4+ {[%emt 0:00:10]} Kg6 {[%emt 0:00:
17]} 38. Kf4 {[%emt 0:00:12]} c6 {[%emt 0:00:41]} 39. h5+ {[%emt 0:00:09]} Kg7
{[%emt 0:00:02]} 40. Kf5 {[%emt 0:00:13]} Re6 {[%emt 0:00:18]} 41. Rd1 {
[%emt 0:00:27]} Kf8 {[%emt 0:00:24]} 42. Rd6 {[%emt 0:00:21]} Rxd6 {[%emt 0:00:
33]} 43. exd6 {[%emt 0:00:06]} Ke8 {[%emt 0:00:17]} 44. Kf6 {[%emt 0:00:10]}
Kd7 {[%emt 0:00:01]} 45. Kxf7 {[%emt 0:00:08]} Kxd6 {[%emt 0:00:02]} 46. Kg6 {
[%emt 0:00:15]} Ke6 {[%emt 0:00:02]} 47. Kxh6 {[%emt 0:00:21]} Kf7 {[%emt 0:00:
07]} 48. Kh7 {[%emt 0:00:04]} Kf6 {[%emt 0:00:05]} 49. h6 {[%emt 0:00:15]} Kf7
{[%emt 0:00:06]} 50. g5 {[%emt 0:00:13]} Kf8 {[%emt 0:00:01]} 51. g6 {[%emt 0:
00:09]} 1-0

[Event "PK Jeugd 2020 C-Meisjes"]
[Site "Eindhoven, Netherlands"]
[Date "2020.02.09"]
[Round "5.4"]
[White "Nooren, Bibi"]
[Black "Struijs, Ilona"]
[Result "1-0"]
[WhiteElo "638"]
[BlackElo "701"]
[PlyCount "145"]
[EventDate "2020.??.??"]

1. e4 {[%emt 0:00:01]} e5 {[%emt 0:00:09]} 2. Nf3 {[%emt 0:00:05]} Nc6 {
[%emt 0:00:15]} 3. Bc4 {[%emt 0:00:06]} Bc5 {[%emt 0:00:43]} 4. O-O {[%emt 0:
00:18]} d6 {[%emt 0:00:21]} 5. d3 {[%emt 0:00:28]} Bg4 {[%emt 0:00:11]} 6. h3 {
[%emt 0:00:17]} Bh5 {[%emt 0:00:56]} 7. Nc3 {[%emt 0:01:12]} Nd4 {[%emt 0:02:
12]} 8. g4 {[%emt 0:03:08]} Nxf3+ {[%emt 0:03:18]} 9. Qxf3 {[%emt 0:00:18]} Bg6
{[%emt 0:00:15]} 10. Bd2 {[%emt 0:02:12]} Qf6 {[%emt 0:02:52]} 11. Qxf6 {
[%emt 0:01:03]} Nxf6 {[%emt 0:00:11]} 12. Rad1 {[%emt 0:02:51]} O-O-O {[%emt 0:
00:54]} 13. Bg5 {[%emt 0:00:51]} h6 {[%emt 0:02:06]} 14. Bh4 {[%emt 0:00:21]}
c6 {[%emt 0:02:55]} 15. Ne2 {[%emt 0:02:25]} d5 {[%emt 0:02:19]} 16. d4 {
[%emt 0:04:08]} Bxe4 {[%emt 0:05:03]} 17. dxc5 {[%emt 0:01:16]} dxc4 {[%emt 0:
00:15]} 18. Bxf6 {[%emt 0:03:13]} gxf6 {[%emt 0:01:18]} 19. Rc1 {[%emt 0:02:31]
} Rhg8 {[%emt 0:02:00]} 20. Ng3 {[%emt 0:03:15]} Bd5 {[%emt 0:02:29]} 21. Nf5 {
[%emt 0:03:29]} Rh8 {[%emt 0:03:53]} 22. f4 {[%emt 0:02:11]} h5 {[%emt 0:04:01]
} 23. g5 {[%emt 0:01:55]} fxg5 {[%emt 0:02:02]} 24. fxg5 {[%emt 0:00:45]} Be4 {
[%emt 0:02:28]} 25. Nd6+ {[%emt 0:00:33]} Kc7 {[%emt 0:02:56]} 26. Nxf7 {
[%emt 0:00:20]} Rhg8 {[%emt 0:00:56]} 27. Nxd8 {[%emt 0:00:31]} Rxg5+ {[%emt 0:
00:06]} 28. Kf2 {[%emt 0:00:29]} Kxd8 {[%emt 0:00:13]} 29. Rfe1 {[%emt 0:01:55]
} Rg2+ {[%emt 0:01:30]} 30. Kf1 {[%emt 0:00:30]} Rxc2 {[%emt 0:02:05]} 31. Rxc2
{[%emt 0:00:13]} Bxc2 {[%emt 0:00:11]} 32. Rxe5 {[%emt 0:00:16]} Bd3+ {[%emt 0:
00:19]} 33. Ke1 {[%emt 0:00:27]} Bg6 {[%emt 0:00:23]} 34. Kd2 {[%emt 0:00:53]}
b5 {[%emt 0:01:06]} 35. Kc3 {[%emt 0:02:18]} a5 {[%emt 0:00:34]} 36. a3 {
[%emt 0:00:53]} a4 {[%emt 0:00:17]} 37. Kb4 {[%emt 0:01:04]} Kc7 {[%emt 0:00:
20]} 38. Re6 {[%emt 0:02:30]} Bf5 {[%emt 0:00:22]} 39. Re5 {[%emt 0:00:57]} Bg6
{[%emt 0:00:37]} 40. Ka5 {[%emt 0:00:30]} h4 {[%emt 0:01:13]} 41. Re7+ {
[%emt 0:00:28]} Kd8 {[%emt 0:00:10]} 42. Rg7 {[%emt 0:00:27]} Bf5 {[%emt 0:00:
21]} 43. Kb6 {[%emt 0:01:17]} Bd7 {[%emt 0:00:14]} 44. Rh7 {[%emt 0:00:31]}
Bxh3 {[%emt 0:00:17]} 45. Rxh4 {[%emt 0:00:09]} Bd7 {[%emt 0:00:07]} 46. Rh8+ {
[%emt 0:02:08]} Ke7 {[%emt 0:00:20]} 47. Kc7 {[%emt 0:00:11]} Be8 {[%emt 0:00:
06]} 48. Rh7+ {[%emt 0:00:33]} Ke6 {[%emt 0:00:09]} 49. Kd8 {[%emt 0:01:15]}
Bg6 {[%emt 0:00:10]} 50. Rc7 {[%emt 0:00:12]} Be4 {[%emt 0:00:04]} 51. Re7+ {
[%emt 0:00:15]} Kd5 {[%emt 0:00:02]} 52. Kc7 {[%emt 0:00:19]} Bf5 {[%emt 0:00:
21]} 53. Kb6 {[%emt 0:00:20]} Be6 {[%emt 0:00:25]} 54. Rxe6 {[%emt 0:00:19]}
Kxe6 {[%emt 0:00:02]} 55. Kxc6 {[%emt 0:00:01]} Ke7 {[%emt 0:00:01]} 56. Kxb5 {
[%emt 0:00:04]} Kd7 {[%emt 0:00:01]} 57. Kxc4 {[%emt 0:00:02]} Kc6 {[%emt 0:00:
01]} 58. Kb4 {[%emt 0:00:04]} Kb7 {[%emt 0:00:05]} 59. Kxa4 {[%emt 0:00:06]}
Kc6 60. Kb4 {[%emt 0:00:01]} Kc7 {[%emt 0:00:04]} 61. Kb5 {[%emt 0:00:01]} Kb7
{[%emt 0:00:01]} 62. a4 {[%emt 0:00:03]} Kc7 {[%emt 0:00:03]} 63. a5 {[%emt 0:
00:01]} Kb7 {[%emt 0:00:01]} 64. c6+ {[%emt 0:00:02]} Kc7 {[%emt 0:00:03]} 65.
a6 {[%emt 0:00:03]} Kb8 {[%emt 0:00:19]} 66. Kb6 {[%emt 0:00:04]} Kc8 {[%emt 0:
00:02]} 67. a7 {[%emt 0:00:05]} Kd8 {[%emt 0:00:04]} 68. a8=Q+ {[%emt 0:00:03]}
Ke7 {[%emt 0:00:04]} 69. Qa5 {[%emt 0:00:11]} Kd6 {[%emt 0:00:06]} 70. Qc5+ {
[%emt 0:00:03]} Ke6 {[%emt 0:00:01]} 71. c7 {[%emt 0:00:10]} Kd7 {[%emt 0:00:
02]} 72. Qc6+ {[%emt 0:00:02]} Kc8 {[%emt 0:00:05]} 73. Qe8# {[%emt 0:00:07]}
1-0

[Event "PK Jeugd 2020 C-Meisjes"]
[Site "Eindhoven, Netherlands"]
[Date "2020.02.09"]
[Round "5.5"]
[White "Yildirum, Azra"]
[Black "Ganeshram, Nirupa"]
[Result "0-1"]
[WhiteElo "415"]
[BlackElo "1033"]
[PlyCount "60"]
[EventDate "2020.??.??"]

1. e4 {[%emt 0:00:04]} e5 {[%emt 0:00:04]} 2. Nf3 {[%emt 0:00:13]} Nc6 {
[%emt 0:00:10]} 3. Bc4 {[%emt 0:00:17]} Bc5 {[%emt 0:00:03]} 4. d3 {[%emt 0:00:
15]} d6 {[%emt 0:00:17]} 5. Ng5 {[%emt 0:01:32]} Be6 {[%emt 0:01:42]} 6. Bxe6 {
[%emt 0:01:57]} fxe6 {[%emt 0:00:27]} 7. Nxe6 {[%emt 0:00:13]} Bxf2+ {[%emt 0:
02:19]} 8. Kxf2 {[%emt 0:00:35]} Qf6+ {[%emt 0:00:12]} 9. Nf4 {[%emt 0:01:42]}
exf4 {[%emt 0:01:01]} 10. Qg4 {[%emt 0:02:01]} Nd4 {[%emt 0:02:44]} 11. Nc3 {
[%emt 0:01:45]} Nxc2 {[%emt 0:01:05]} 12. Nd5 {[%emt 0:01:11]} Qf7 {[%emt 0:05:
14]} 13. Rb1 {[%emt 0:04:30]} Nh6 {[%emt 0:02:59]} 14. Qg5 {[%emt 0:05:24]} O-O
{[%emt 0:06:07]} 15. Bxf4 {[%emt 0:01:40]} Rae8 {[%emt 0:02:41]} 16. Qg3 {
[%emt 0:06:24]} c6 {[%emt 0:01:49]} 17. Rhf1 {[%emt 0:04:09]} cxd5 {[%emt 0:01:
48]} 18. Kg1 {[%emt 0:01:10]} Qe6 {[%emt 0:02:30]} 19. exd5 {[%emt 0:04:09]}
Qg6 {[%emt 0:02:17]} 20. Rbc1 {[%emt 0:01:21]} Nd4 {[%emt 0:00:22]} 21. Rf2 {
[%emt 0:05:45]} Qxg3 {[%emt 0:01:04]} 22. Bxg3 {[%emt 0:00:28]} Ne2+ {[%emt 0:
00:09]} 23. Rxe2 {[%emt 0:00:33]} Rxe2 {[%emt 0:00:17]} 24. Bxd6 {[%emt 0:00:
52]} Rd8 {[%emt 0:00:25]} 25. Ba3 {[%emt 0:00:50]} Rxd5 {[%emt 0:00:48]} 26.
Rf1 {[%emt 0:00:22]} Rf5 {[%emt 0:00:37]} 27. Rd1 {[%emt 0:00:30]} Rff2 {
[%emt 0:00:26]} 28. d4 {[%emt 0:00:44]} Rxg2+ {[%emt 0:00:07]} 29. Kf1 {
[%emt 0:00:21]} Rd2 {[%emt 0:00:48]} 30. Re1 {[%emt 0:00:29]} Rdf2# {[%emt 0:
00:27]} 0-1

[Event "PK Jeugd 2020 C-Meisjes"]
[Site "Eindhoven, Netherlands"]
[Date "2020.02.09"]
[Round "6.1"]
[White "Mensing, Luana"]
[Black "Nooren, Bibi"]
[Result "1/2-1/2"]
[WhiteElo "1600"]
[BlackElo "638"]
[PlyCount "91"]
[EventDate "2020.??.??"]

1. e4 {[%emt 0:00:03]} e5 {[%emt 0:00:04]} 2. Nf3 {[%emt 0:00:06]} Nc6 {
[%emt 0:00:06]} 3. Nc3 {[%emt 0:00:13]} Nf6 {[%emt 0:00:15]} 4. d3 {[%emt 0:00:
17]} Bc5 {[%emt 0:00:13]} 5. Be2 {[%emt 0:00:47]} O-O {[%emt 0:00:22]} 6. O-O {
[%emt 0:00:10]} d6 {[%emt 0:00:17]} 7. Bg5 {[%emt 0:00:29]} h6 {[%emt 0:00:30]}
8. Bh4 {[%emt 0:00:16]} Be6 {[%emt 0:00:50]} 9. a3 {[%emt 0:02:11]} Re8 {
[%emt 0:01:28]} 10. Na4 {[%emt 0:02:41]} Nd4 {[%emt 0:03:01]} 11. Nxd4 {
[%emt 0:00:27]} Bxd4 {[%emt 0:00:25]} 12. c3 {[%emt 0:00:29]} Bb6 {[%emt 0:00:
50]} 13. Nxb6 {[%emt 0:00:53]} cxb6 {[%emt 0:00:33]} 14. d4 {[%emt 0:01:34]} g5
{[%emt 0:03:02]} 15. dxe5 {[%emt 0:01:10]} dxe5 {[%emt 0:00:25]} 16. Bg3 {
[%emt 0:03:02]} Nxe4 {[%emt 0:01:22]} 17. Bxe5 {[%emt 0:01:15]} Nd2 {[%emt 0:
02:28]} 18. Re1 {[%emt 0:00:53]} Bb3 {[%emt 0:00:38]} 19. Bf6 {[%emt 0:05:42]}
Bxd1 {[%emt 0:00:55]} 20. Bxd8 {[%emt 0:02:36]} Bxe2 {[%emt 0:00:23]} 21. Bf6 {
[%emt 0:01:07]} Re6 {[%emt 0:01:36]} 22. Bd4 {[%emt 0:01:11]} Nb3 {[%emt 0:00:
34]} 23. Ra2 {[%emt 0:02:43]} Bc4 {[%emt 0:01:57]} 24. Rxe6 {[%emt 0:03:01]}
Bxe6 {[%emt 0:00:48]} 25. Be3 {[%emt 0:01:59]} Rd8 {[%emt 0:01:05]} 26. h3 {
[%emt 0:02:19]} f5 {[%emt 0:01:07]} 27. g3 {[%emt 0:01:19]} Rd1+ {[%emt 0:01:
22]} 28. Kg2 {[%emt 0:01:36]} Bd5+ {[%emt 0:01:31]} 29. f3 {[%emt 0:00:25]} Nd2
{[%emt 0:02:53]} 30. b3 {[%emt 0:00:17]} Nxb3 {[%emt 0:01:17]} 31. Rc2 {
[%emt 0:01:07]} Rd3 {[%emt 0:01:42]} 32. Kf2 {[%emt 0:00:47]} Bc4 {[%emt 0:01:
58]} 33. f4 {[%emt 0:01:53]} gxf4 {[%emt 0:01:17]} 34. Bxf4 {[%emt 0:00:39]}
Kg7 {[%emt 0:00:46]} 35. Re2 {[%emt 0:01:59]} Nc5 {[%emt 0:01:37]} 36. Re3 {
[%emt 0:03:21]} a5 {[%emt 0:01:44]} 37. Bc7 {[%emt 0:02:22]} Ne4+ {[%emt 0:01:
35]} 38. Kf3 {[%emt 0:00:22]} Nxc3 {[%emt 0:01:22]} 39. Be5+ {[%emt 0:00:38]}
Kg6 {[%emt 0:01:15]} 40. Bxc3 {[%emt 0:00:09]} Rxe3+ {[%emt 0:01:01]} 41. Kxe3
{[%emt 0:00:11]} Bf1 {[%emt 0:00:56]} 42. h4 {[%emt 0:00:07]} h5 {[%emt 0:01:
02]} 43. Be5 {[%emt 0:00:12]} b5 {[%emt 0:00:18]} 44. Bc3 {[%emt 0:01:53]} b6 {
[%emt 0:00:18]} 45. Kd4 {[%emt 0:00:28]} Bg2 {[%emt 0:00:19]} 46. Ke5 {[%emt 0:
00:26]} 1/2-1/2

[Event "PK Jeugd 2020 C-Meisjes"]
[Site "Eindhoven, Netherlands"]
[Date "2020.02.09"]
[Round "6.2"]
[White "Damen, Josephine"]
[Black "Feng, Elysia"]
[Result "0-1"]
[WhiteElo "916"]
[BlackElo "1559"]
[PlyCount "66"]
[EventDate "2020.??.??"]

1. e4 {[%emt 0:00:02]} e5 {[%emt 0:00:04]} 2. Nf3 {[%emt 0:00:05]} Nc6 {
[%emt 0:00:05]} 3. Bc4 {[%emt 0:00:04]} Bc5 {[%emt 0:00:07]} 4. d3 {[%emt 0:00:
05]} Nf6 {[%emt 0:00:11]} 5. Nc3 {[%emt 0:00:10]} O-O {[%emt 0:00:07]} 6. Bg5 {
[%emt 0:00:10]} h6 {[%emt 0:00:11]} 7. Bh4 {[%emt 0:00:05]} Be7 {[%emt 0:00:12]
} 8. O-O {[%emt 0:00:57]} Nh7 {[%emt 0:00:37]} 9. Bg3 {[%emt 0:03:02]} d6 {
[%emt 0:00:26]} 10. h3 {[%emt 0:04:04]} Na5 {[%emt 0:01:10]} 11. Bb3 {[%emt 0:
03:18]} Nxb3 {[%emt 0:00:32]} 12. axb3 {[%emt 0:00:07]} Be6 {[%emt 0:00:26]}
13. d4 {[%emt 0:06:46]} f6 {[%emt 0:04:42]} 14. d5 {[%emt 0:03:33]} Bd7 {
[%emt 0:00:20]} 15. Nd2 {[%emt 0:12:21]} a6 {[%emt 0:01:54]} 16. f4 {[%emt 0:
02:45]} exf4 {[%emt 0:01:29]} 17. Bxf4 {[%emt 0:04:20]} f5 {[%emt 0:01:35]} 18.
Qe1 {[%emt 0:06:23]} fxe4 {[%emt 0:00:46]} 19. Ncxe4 {[%emt 0:00:38]} Nf6 {
[%emt 0:01:25]} 20. c4 {[%emt 0:03:29]} Nxe4 {[%emt 0:01:33]} 21. Nxe4 {
[%emt 0:00:51]} Re8 {[%emt 0:01:30]} 22. Qg3 {[%emt 0:00:58]} Kh7 {[%emt 0:01:
28]} 23. Qd3 {[%emt 0:00:37]} Kh8 {[%emt 0:01:20]} 24. Qd4 {[%emt 0:00:26]} Kg8
{[%emt 0:00:40]} 25. Qf2 {[%emt 0:01:36]} Bh4 {[%emt 0:00:39]} 26. Qf3 {
[%emt 0:00:35]} Rf8 {[%emt 0:00:59]} 27. g3 {[%emt 0:00:56]} Bxh3 {[%emt 0:00:
31]} 28. gxh4 {[%emt 0:00:28]} Bxf1 {[%emt 0:00:07]} 29. Qxf1 {[%emt 0:00:09]}
Qxh4 {[%emt 0:00:07]} 30. Nd2 {[%emt 0:00:50]} Rxf4 {[%emt 0:00:18]} 31. Qe2 {
[%emt 0:00:09]} Rg4+ {[%emt 0:00:38]} 32. Kf1 {[%emt 0:00:12]} Rf8+ {[%emt 0:
00:07]} 33. Qf2 {[%emt 0:00:03]} Qxf2# {[%emt 0:00:05]} 0-1

[Event "PK Jeugd 2020 C-Meisjes"]
[Site "Eindhoven, Netherlands"]
[Date "2020.02.09"]
[Round "6.3"]
[White "Huang, Luna"]
[Black "Gergin, Isafara"]
[Result "1-0"]
[WhiteElo "1366"]
[BlackElo "1179"]
[PlyCount "109"]
[EventDate "2020.??.??"]

1. e4 {[%emt 0:00:02]} c5 {[%emt 0:00:04]} 2. Nf3 {[%emt 0:00:07]} Nc6 {
[%emt 0:00:09]} 3. d4 {[%emt 0:00:04]} cxd4 {[%emt 0:00:04]} 4. Nxd4 {[%emt 0:
00:06]} Nf6 {[%emt 0:00:13]} 5. Nc3 {[%emt 0:00:07]} e5 {[%emt 0:00:11]} 6.
Ndb5 {[%emt 0:00:33]} d6 {[%emt 0:00:13]} 7. Nd5 {[%emt 0:01:07]} Nxd5 {
[%emt 0:00:40]} 8. exd5 {[%emt 0:00:20]} Nb8 {[%emt 0:01:04]} 9. Be3 {[%emt 0:
04:55]} a6 {[%emt 0:02:24]} 10. Nc3 {[%emt 0:00:10]} Be7 {[%emt 0:01:29]} 11.
Bd3 {[%emt 0:01:46]} O-O {[%emt 0:02:46]} 12. O-O {[%emt 0:00:18]} b5 {[%emt 0:
03:16]} 13. Qh5 {[%emt 0:04:03]} f5 {[%emt 0:02:32]} 14. g4 {[%emt 0:03:07]} e4
{[%emt 0:01:08]} 15. Nxe4 {[%emt 0:01:36]} Qe8 {[%emt 0:05:18]} 16. Qxe8 {
[%emt 0:01:02]} Rxe8 {[%emt 0:00:06]} 17. gxf5 {[%emt 0:00:14]} Bxf5 {[%emt 0:
02:24]} 18. Nxd6 {[%emt 0:01:58]} Bxd3 {[%emt 0:01:27]} 19. Nxe8 {[%emt 0:00:
18]} Bxf1 {[%emt 0:00:10]} 20. Kxf1 {[%emt 0:00:06]} Nd7 {[%emt 0:02:12]} 21.
Nc7 {[%emt 0:00:26]} Rc8 {[%emt 0:00:56]} 22. Nxa6 {[%emt 0:01:28]} Rxc2 {
[%emt 0:01:11]} 23. Rc1 {[%emt 0:01:51]} Rxc1+ {[%emt 0:04:33]} 24. Bxc1 {
[%emt 0:00:07]} Nb6 {[%emt 0:00:31]} 25. Nc7 {[%emt 0:00:18]} b4 {[%emt 0:01:
57]} 26. Bf4 {[%emt 0:01:09]} Nc4 {[%emt 0:03:04]} 27. b3 {[%emt 0:00:30]} Nb6
{[%emt 0:01:52]} 28. d6 {[%emt 0:00:20]} Bf6 {[%emt 0:02:46]} 29. Ke2 {[%emt 0:
01:57]} h5 {[%emt 0:01:42]} 30. h3 {[%emt 0:00:37]} g5 {[%emt 0:01:37]} 31. Bh2
{[%emt 0:00:51]} Nd7 {[%emt 0:00:56]} 32. Ke3 {[%emt 0:02:18]} Kf7 {[%emt 0:01:
47]} 33. Ke4 {[%emt 0:01:52]} Nb6 {[%emt 0:02:12]} 34. f3 {[%emt 0:03:24]} Kf8
{[%emt 0:01:54]} 35. Bg1 {[%emt 0:01:23]} Nd7 {[%emt 0:00:30]} 36. Kf5 {
[%emt 0:02:17]} Kf7 {[%emt 0:02:12]} 37. Be3 {[%emt 0:01:37]} Be5 {[%emt 0:01:
16]} 38. Nb5 {[%emt 0:01:10]} Bf4 {[%emt 0:00:40]} 39. Bxf4 {[%emt 0:00:29]}
gxf4 {[%emt 0:00:01]} 40. Kxf4 {[%emt 0:00:18]} Kf6 {[%emt 0:00:05]} 41. h4 {
[%emt 0:00:38]} Nc5 {[%emt 0:00:37]} 42. Nd4 {[%emt 0:01:12]} Nd7 {[%emt 0:00:
06]} 43. Nc6 {[%emt 0:00:33]} Ke6 {[%emt 0:00:05]} 44. Nxb4 {[%emt 0:00:06]}
Kxd6 {[%emt 0:00:01]} 45. Kg5 {[%emt 0:00:17]} Ne5 {[%emt 0:00:13]} 46. f4 {
[%emt 0:00:26]} Nf7+ {[%emt 0:00:24]} 47. Kxh5 {[%emt 0:00:18]} Ke6 {[%emt 0:
00:16]} 48. Kg6 {[%emt 0:00:30]} Nh8+ {[%emt 0:00:22]} 49. Kg7 {[%emt 0:00:22]}
Nf7 {[%emt 0:00:06]} 50. h5 {[%emt 0:00:14]} Ke7 {[%emt 0:00:14]} 51. h6 {
[%emt 0:00:14]} Nxh6 {[%emt 0:00:18]} 52. Kxh6 {[%emt 0:00:08]} Kf6 {[%emt 0:
00:01]} 53. a4 {[%emt 0:00:16]} Kf5 {[%emt 0:00:02]} 54. a5 {[%emt 0:00:16]}
Kxf4 {[%emt 0:00:02]} 55. a6 {[%emt 0:00:07]} 1-0